000 00975cab a2200229 4500
001 X89898
008 090401t1998 xxu||||| |||| 00| 0 eng d
035 _a(Sirsi) u84344
041 _aeng
245 _aBerkeley v SoS and Fulham Football Club
260 _c1998
350 _a0
490 _aNew Property Cases
_v[1998] NPC 18(3)
520 _aCA 12 February 1998. Town and Country Planning Act 1990 s288 - listed buildings act 1990 s62 - EC Council Directive 85/337 - whether due regard had to Unitary Development Plan policy not mentioned in Inspector`s decision - whether environmental statement required - Court`s discretion under Town and Country Planning Act 1990 s288.
650 _aBERKELEY V SOS ENVIRONMENT AND ANOTHER
650 _aLISTED BUILDINGS ACT 1990 S62
650 _aTOWN AND COUNTRY PLANNING ACT 1990 S288
650 _aUNITARY DEVELOPMENT PLAN POLICY
690 _aPLANNING LAW AND PRACTICE-CASE LAW
942 _n0
948 _c19/02/1998
999 _c53006
_d53006